| 000 | 00522nam a2200181 i 4500 | ||
|---|---|---|---|
| 001 | 119874 | ||
| 003 | ES-MaACL | ||
| 005 | 20230906191419.0 | ||
| 007 | t| | ||
| 008 | 070214m19591970sp r ||||1| spa d | ||
| 100 | 1 |
_aPérez del Río, José. _990822 |
|
| 245 | 1 | 0 |
_aTratado general de máquinas marinas / _cJosé Pérez del Río. |
| 250 | _a1ª. ed. | ||
| 260 |
_aBarcelona : _bPlaneta, _c1959-1970. |
||
| 300 |
_a7 v. : _bil. ; _c23 cm. |
||
| 650 | 4 |
_aBarcos- _xMotores. _9159469 |
|
| 852 |
_aES-MaACL _jP-260 _bR.44892 |
||
| 999 |
_c119874 _d119874 |
||